000 00504cam a22002174a 4500
005 20250605164316.0
008 250528s ||||||||||||||||||||||||d
035 _a22681
020 _a9781564960801
040 _aGR-AtMCL
_bgre
_dGR-AtMCL
_eAACR2
245 1 _aDIRECT MAIL MARKETING DESIGN
250 _a1
260 _c1994
300 _a158
700 1 _aDay Sara
_98414
700 1 _aEvans Popy
_98415
700 1 _aMotif Design
_98416
942 _cBK
999 _c7729
_d7729